Député·e·s du Nouveau Front Populaire (2024) - Images - Statistiques

Statistiques générales
  • Ce quiz a été pris 79 fois
  • Le résultat moyen est 71 sur 192
Statistiques - réponses
Par images Hint Réponse % Correct
Seine-Saint-Denis 11e (L'Après) Clémentine Autain
95%
Bouches-du-Rhône 4e (LFI) Manuel Bompard
95%
Val-de-Marne 2e (LFI) Clémence Guetté
93%
Vaucluse 1re (LFI) Raphaaël Arnault
93%
Essone 10e (LFI) Antoine Léaument
91%
Corrèze 1re (PS) François Hollande
91%
Seine-et-Marne 11e (PS) Olivier Faure
91%
Nord 1re (LFI) Aurélien Le Coq
89%
Paris 18e (LFI) Aymeric Caron
89%
Seine-Saint-Denis 1re (LFI) Éric Coquerel
89%
Val-de-Marne 10e (LFI) Mathilde Panot
89%
Val-de-Marne 3e (LFI) Louis Boyard
88%
Paris 9e (EELV) Sandrine Rousseau
88%
Seine-Saint-Denis 7e (L'Après) Alexis Corbière
86%
Yvelines 7e (PP) Aurélien Rousseau
86%
Bouches-du-Rhône 7e (LFI) Sébastien Delogu
86%
Paris 17e (LFI) Danièle Obono
84%
Nord 8e (LFI) David Guiraud
82%
Somme 1re (PD) François Ruffin
82%
Seine-Maritime (LFI) Alma Dufour
80%
Essone 6e (PS) Jérôme Guedj
79%
Puy-de-Dôme 5e (PCF) André Chassaigne
75%
Paris 6e (LFI) Sophia Chikirou
75%
Réunion 4e (GDR) Émeline K/Bidi
73%
Nord 2e (LFI) Ugo Bernalicis
71%
Landes 3e (PS) Boris Vallaud
66%
Isère 2e (EELV) Cyrielle Chatelain
66%
Paris 15e (L'Après) Danielle Simonnet
66%
Val-d'Oise 8e (LFI) Carlos Martens Bilongo
64%
Eure 4e (PS) Philippe Brun
63%
Seine-et-Marne 7e (LFI) Ersilia Soudais
61%
Seine-Saint-Denis 3e (LFI) Thomas Portes
59%
Deux-Sèvres 2e (EELV) Delphine Batho
57%
Haute-Garonne 1re (LFI) Hadrien Clouet
57%
Seine-Saint-Denis 10e (LFI) Nadège Abomangoli
57%
Hauts-de-Seine 1re (PCF) Elsa Faucillon
55%
Calvados 2e (PS) Arthur Delaporte
54%
Bouches-du-Rhône 5e (L'Après) Hendrik Davi
54%
Loire-Atlantique 2e (LFI) Andy Kerbrat
52%
Haute-Garonne 7e (LFI) Christophe Bex
52%
Haute-Vienne 1re (LFI) Damien Maudet
52%
Paris 7e (PS) Emmanuel Grégoire
52%
Paris 8e (EELV) Eva Sas
52%
Haute-Garonne 4e (LFI) François Piquemal
52%
Paris 16e (LFI) Sarah Legrain
52%
Seine-Saint-Denis 2e (PCF) Stéphane Peu
52%
Seine-Saint-Denis 9e (LFI) Aurélie Trouvé
50%
Val-d'Oise 5e (LFI) Paul Vannier
50%
Seine-Saint-Denis 5e (LFI) Aly Diouara
48%
Val-d'Oise 10e (LFI) Aurélien Taché
48%
Yvelines 9e (PS) Dieynaba Diop
48%
Hauts-de-Seine 11e (LFI) Aurélien Saintoul
46%
Rhône 6e (LFI) Gabriel Amard
46%
Seine-et-Marne 1re (LFI) Arnaud Saint-Martin
45%
Essone 1re (LFI) Farida Amrani
45%
Rhône 3e (EELV) Marie-Charlotte Garin
45%
Charente-Maritime 2e (EELV) Benoît Biteau
43%
Dordogne 4e (Gen.s) Sébastien Peytavie
43%
Isère 3e (LFI) Élisa Martin
41%
Val-d'Oise 6e (LFI) Gabrielle Cathala
41%
Finistère 2e (LFI) Pierre-Yves Cadalen
41%
Loire-Atlantique 3e (LFI) Ségolène Amiot
41%
Essone 7e (LFI) Claire Lejeune
39%
Doubs 2e (EELV) Dominique Voynet
39%
Pyrénées-Atlantiques 4e (PS) Inaki Echaniz
39%
Paris 10e (LFI) Rodrigo Arenas
39%
Seine-Maritime 8e (PCF) Jean-Paul Lecoq
38%
Seine-Saint-Denis 6e (LFI) Bastien Lachaud
36%
Yvelines 8e (Gen.s) Benjamin Lucas-Lundy
36%
Essone 8e (LFI) Bérenger Cernon
36%
Seine-Saint-Denis 8e (PS) Fatiha Keloua Hachi
36%
Aveyron 2e (LFI) Laurent Alexandre
36%
Essone 3e (EELV) Steevy Gustave
36%
Puy-de-Dôme 2e (PS) Christine Pirès Beaune
34%
Sarthe 4e (LFI) Élise Leboucher
34%
Val-d'Oise 3e (GRS) Emmanuel Maurel
34%
Val-de-Marne 11e (Gen.s) Sophie Taillé-Polian
34%
Manche 4e (PS) Anna Pic
32%
Côte-d'Or 2e (EELV) Catherine Hervieu
32%
Paris 11e (PS) Céline Hervieu
32%
Bas-Rhin 2e (LFI) Emmanuel Fernandes
32%
Savoie 4e (LFI) Jean-François Coulomme
32%
Isère 5e (EELV) Jérémie Iordanoff
32%
Ille-et-Vilaine 1re (LFI) Marie Mesmeur
32%
Cher 2e (PCF) Nicolas Sansu
32%
Réunion 5e (LFI) Jean-Hugues Ratenon
30%
Ille-et-Vilaine 4e (LFI) Mathilde Hignet
30%
Nord 11e (PS) Roger Vicot
30%
Bas-Rhin 1re (EELV) Sandra Regol
30%
Allier 1re (PCF) Yannick Monnet
30%
Loire 2e (LFI) Andrée Taurinya
29%
Meurthe-et-Moselle 5e (PS) Dominique Potier
29%
Rhône 14e (LFI) Idir Boumertit
29%
Guyane 1re (GDR) Jean-Victor Castor
29%
Puy-de-Dôme 1re (LFI) Marianne Maximi
29%
Loire-Atlantique 8e (LFI) Matthias Tavel
29%
Ille-et-Vilaine 8e (PS) Mickaël Bouloux
29%
Hérault 2e (LFI) Nathalie Oziol
29%
Hauts-de-Seine 4e (EELV) Sabrina Sebaihi
29%
Hérault 8e (LFI) Sylvain Carrière
29%
Seine-et-Marne 8e (EELV) Arnaud Bonnet
27%
Nouvelle-Calédonie 2e (GDR) Emmanuel Tjibaou
27%
Seine-Maritime 5e (PS) Gérard Leseul
27%
Seine-Saint-Denis 12e (LFI) Jérôme Legavre
27%
Français établis hors France 9e (Gen.s) Karim Ben Cheikh
27%
Haute-Vienne 3e (LFI) Manon Meunier
27%
Hautes-Alpes 1re (PS) Marie-José Allemand
27%
Seine-et-Marne 10e (LFI) Maxime Laisney
27%
Puy-de-Dôme 3e (EELV) Nicolas Bonnet
27%
Gironde 4e (PS) Alain David
25%
Val-d'Oise 9e (LFI) Arnaud Le Gall
25%
Martinique 3e (PS) Béatrice Bellay
25%
Mayenne 1re (PS) Guillaume Garot
25%
Réunion 2e (GDR) Karine Lebon
25%
Indre-et-Loire 4e (PS) Laurent Baumel
25%
Paris 13e (EELV) Léa Balage El Mariky
25%
Vienne 1re (EELV) Lisa Belluco
25%
Drôme 3e (EELV) Marie Pochon
25%
Finistère 6e (PS) Mélanie Thomin
25%
Paris 5e (EELV) Pouria Amirshahi
25%
Charente 1re (LFI) René Pilato
25%
Val-d'Oise 7e (PS) Romain Eskenazi
25%
Lozère 1re (PS) Sophie Pantel
25%
Rhône 7e (LFI) Abdelkader Lahmar
23%
Haute-Garonne 9e (EELV) Christine Arrighi
23%
Martinique 4e (LFI) Jean-Philippe Nilor
23%
Haute-Garonne 8e (PS) Joël Aviragnet
23%
Gironde 3e (LFI) Loïc Prud'homme
23%
Isère 4e (PS) Marie-Noëlle Battistel
23%
Côtes-d'Armor 4e (LFI) Murielle Lepvraud
23%
Drôme 1re (PS) Paul Christophle
23%
Pyrénées-Atlantiques (EhBai) Peio Dufau
23%
Réunion 7e (LFI) Perceval Gaillard
23%
Loire 1re (PS) Pierrick Courbon
23%
Rhône 4e (PS) Sandrine Runel
23%
Hautes-Pyrénées 1re (LFI) Sylvie Ferrer
23%
Rhône 1re (LFI) Anaïs Belouassa-Cherifi
21%
Guadeloupe 4e (Ap. PS) Elie Califer
21%
Loire-Atlantique 5e (PS) Fabrice Roussel
21%
Ardèche 1re (PS) Hervé Saulignac
21%
Val-de-Marne 9e (PS) Isabelle Santiago
21%
Bouches-du-Rhône 11e (PS) Marc Pena
21%
Seine-Saint-Denis 4e (PCF) Soumya Bourouaha
21%
Bas-Rhin 3e (PS) Thierry Sother
21%
Somme 2e (LFI) Zahia Hamdane
21%
Val-d'Oise 2e (PS) Ayda Hadizadeh
20%
Orne 1re (PS) Chantal Jourdan
20%
Guadeloupe 2e (Ap. PS) Christian Baptiste
20%
Guyane 2e (GDR) Davy Rimane
20%
Seine-Maritime 3e (PCF) Édouard Bénard
20%
Loire-Atlantique 6e (EELV) Jean-Claude Raux
20%
Ille-et-Vilaine 3e (PS) Claudia Rouaux
18%
Pyrénées-Atlantiques 5e (PS) Colette Capdevielle
18%
Morbihan 5e (EELV) Damien Girard
18%
Meurthe-et-Moselle 1re (PS) Estelle Mercier
18%
Réunion 6e (GDR) Frédéric Maillot
18%
Martinique 1re (Ap. PS) Jiovanny William
18%
Nord 13e (PS) Julien Gokel
18%
Tarn 2e (LFI) Karen Erodi
18%
Gironde 12e (LFI) Mathilde Feld
18%
Isère 9e (LFI) Sandrine Nosbé
18%
Haute-Garonne 2e (LFI) Anne Stambach-Terrenoir
16%
Indre-et-Loire 1re (EELV) Charles Fournier
16%
Loiret 2e (Gen.s) Emmanuel Duplessy
16%
Loire-Atlantique 4e (EELV) Julie Laernoes
16%
Gironde 2e (EELV) Nicolas Thierry
16%
Gironde 5e (PS) Pascale Got
16%
Réunion 1re (PS) Philippe Naillet
16%
Ille-et-Vilaine 2e (Gen.s) Tristan Lahais
16%
Rhône 2e (EELV) Boris Tavernier
14%
Lot 2e (PS) Christophe Proença
14%
Haute-Garonne 10e (PS) Jacques Oberti
14%
Essone 9e (EELV) Julie Ozenne
14%
Loire-Atlantique 1re (PS) Karim Benbrahim
14%
Bouches-du-Rhône 2e (PS) Laurent Lhardit
14%
Sarthe 2e (PS) Marietta Karamanli
14%
Polynésie Française 3e (GDR) Mereana Reid Arbelot
14%
Côte-d'Or 1re (PS) Océane Godard
14%
Haute-Vienne 2e (PS) Stéphane Delautrette
14%
Haute-Garonne 6e (PS) Arnaud Simion
13%
Seine-et-Marne 9e (PS) Céline Thiébault-Martinez
13%
Hérault 1re (EELV) Jean-Louis Roumégas
13%
Gironde 7e (PS) Sébastien Saint-Pasteur
13%
Meurthe-et-Moselle 2e (PS) Stéphane Hablot
13%
Hautes-Alpes 2e (PS) Valérie Rossi
13%
Seine-Maritime 1re (PS) Florence Herouin-Léautey
11%
Hérault 3e (PS) Fanny Dombre Coste
9%
Martinique 2e (GDR) Marcellin Nadeau
9%
Gironde 6e (PS) Marie Récalde
9%
Côte-d'Or 3e (PS) Pierre Pribetich
9%
Hautes-Pyrénées 2e (PS) Denis Fégné
7%
Charente-Maritime 3e (PS) Fabrice Barusseau
7%
Aucun quiz correspondant
Distribution des résultats
% des personnes avec chaque résultat
Percentile par nombre de réponses
Votre historique - résultats
Vous n’avez pas pris ce quiz